| 000 | 01632nam a22003377a 4500 | ||
|---|---|---|---|
| 003 | EG-ScBUE | ||
| 005 | 20211118095932.0 | ||
| 008 | 100622s2007 ua f b 000 0dara d | ||
| 017 | _a2007 / 23926 | ||
| 020 | _a9774375262 | ||
| 040 |
_aEG-ScBUE _bara _erda _cEG-ScBUE _dEG-ScBUE |
||
| 041 | 1 |
_aara _heng |
|
| 082 | 0 | 4 |
_a839.8226 _bم و ي _222 |
| 100 | 1 |
_915003 _aموي، توريل، _eمؤلف. |
|
| 240 | 1 | 0 |
_aHenrik Ibsen and the birth of modernism : art, theatre, philosophy. _lArabic |
| 245 | 1 | 0 |
_aهنريك إبسن وميلاد النزعة إلى الحداثة : _bالفن والمسرح والفلسفة / _cتأليف توريل موي ؛ ترجمة أ. د. جمال عبد المقصود ؛ مراجعة أ. د. محمد أبو الخير. |
| 264 | 1 |
_aالقاهرة : _bوزارة الثقافة، مهرجان القاهرة الدولي، المسرح التجريبي، _c[2007] |
|
| 300 |
_a790 صفحة ؛ _c23 سم |
||
| 336 |
_2rdacontent _aنص _btxt |
||
| 337 |
_2rdamedia _aبدون وسيط _bn |
||
| 338 |
_2rdacarrier _aمجلد _bnc |
||
| 504 | _aيشتمل على إرجاعات ببليوجرافية. | ||
| 546 | _aالنص باللغة العربية وتم ترجمته من اللغة الإنجليزية. | ||
| 600 | 1 | 7 |
_aإبسن، هنريك، _d1828-1906. _2BUEsh |
| 650 | 7 |
_915010 _aالمسرحيات النرويجية _xتاريخ ونقد. _2BUEsh |
|
| 650 | 7 |
_aالحداثة (أدب). _2BUEsh |
|
| 651 | _2BUEsh | ||
| 700 | 1 |
_915004 _aعبد المقصود، جمال، _eمترجم. |
|
| 700 | 1 |
_915005 _aأبو الخير، محمد، _eمراجع. |
|
| 942 |
_2ddc _cBB |
||
| 999 |
_c14150 _d14150 |
||